[Event "SA-2016-0-00551"]
[Site "LSS email"]
[Date "2016.11.24"]
[Round "?"]
[White "Bachmann, Bernd"]
[Black "Koch, Christian"]
[Result "1/2-1/2"]
[WhiteElo "2206"]
[BlackElo "2263"]
[PlyCount "62"]
[EventDate "2016.11.10"]
[EventType "tourn (corr)"]
[EventRounds "6"]
[EventCountry "GER"]
[SourceTitle "Corr 2022"]
[Source "ChessBase"]
[SourceDate "2021.10.24"]
[SourceVersion "1"]
[SourceVersionDate "2021.10.24"]
[SourceQuality "1"]

1. e4 c5 2. Nf3 d6 3. d4 cxd4 4. Nxd4 Nf6 5. Nc3 a6 6. Be3 e5 7. Nb3 Be6 8. f3 h5 9. Qd2 Nbd7 10. 0-0-0 Be7 11. Nd5 Nxd5 12. exd5 Bf5 13. Kb1 0-0 14. Rg1 Rc8 15. Bd3 Bxd3 16. Qxd3 f5 17. c3 Bg5 18. f4 exf4 19. Bc1 g6 20. Nd4 Nc5 21. Qf3 Bf6 22. Qxf4 Be5 23. Qh6 Qf6 24. h3 f4 25. Nf3 Qf5+ 26. Ka1 Bg7 27. Qg5 Qf7 28. Rde1 Rce8 29. Rxe8 Rxe8 30. Qxf4 Qxd5 31. Nd4 Nd3 1/2-1/2

[Event "SA-2016-0-00551"]
[Site "LSS email"]
[Date "2016.11.24"]
[Round "?"]
[White "Vodicka, Milan"]
[Black "Bachmann, Bernd"]
[Result "1/2-1/2"]
[WhiteElo "2112"]
[BlackElo "2206"]
[PlyCount "52"]
[EventDate "2016.11.10"]
[EventType "tourn (corr)"]
[EventRounds "6"]
[EventCountry "GER"]
[SourceTitle "Corr 2022"]
[Source "ChessBase"]
[SourceDate "2021.10.24"]
[SourceVersion "1"]
[SourceVersionDate "2021.10.24"]
[SourceQuality "1"]

1. e4 e5 2. Nf3 Nc6 3. Nc3 Nf6 4. Bb5 Bb4 5. Bxc6 dxc6 6. d3 Qe7 7. 0-0 0-0 8. Ne2 Nd7 9. Ng3 g6 10. Be3 b6 11. Nd2 a5 12. a3 Bd6 13. h3 b5 14. Qg4 Kh8 15. f4 exf4 16. Bxf4 Ne5 17. Qe2 c5 18. Qe3 f6 19. Ne2 g5 20. Bg3 Bd7 21. Rf2 Rae8 22. Raf1 b4 23. Nf3 Ng6 24. axb4 axb4 25. b3 h6 26. Qc1 Kg8 1/2-1/2

[Event "GER T235-C42-S email"]
[Site "GER email"]
[Date "2016.07.18"]
[Round "?"]
[White "Fritsche, Frank"]
[Black "Bachmann, Bernd"]
[Result "1-0"]
[WhiteElo "2134"]
[BlackElo "2030"]
[PlyCount "87"]
[EventDate "2016.07.25"]
[EventType "tourn (corr)"]
[EventRounds "8"]
[EventCountry "GER"]
[SourceTitle "Corr 2020"]
[Source "ChessBase"]
[SourceDate "2019.09.30"]
[SourceVersion "1"]
[SourceVersionDate "2019.09.30"]
[SourceQuality "1"]

1. e4 e5 2. Nf3 Nf6 3. Nxe5 Nxe4 4. Qe2 Qe7 5. Qxe4 d6 6. f4 f5 7. Qe3 dxe5 8. fxe5 Nc6 9. Nc3 Nxe5 10. d4 Ng4 11. Qxe7+ Bxe7 12. Bd3 Kf7 13. Bc4+ Kg6 14. 0-0 Bd6 15. h3 Nf6 16. Bd3 h5 17. Nb5 Bd7 18. Nxd6 cxd6 19. c4 d5 20. b3 Rhe8 21. Bf4 Kf7 22. a4 a6 23. h4 g6 24. c5 Ne4 25. Rfc1 a5 26. Rc2 Bc6 27. Rb2 Nc3 28. g3 Ne4 29. b4 axb4 30. a5 Nc3 31. Rxb4 Ne2+ 32. Kf2 Nxf4 33. gxf4 Ke7 34. Rb6 Kd7 35. Rb2 Kc7 36. Re2 Rxe2+ 37. Kxe2 Bd7 38. Kd2 Bc6 39. a6 bxa6 40. Rxa6 Re8 41. Bc2 Re7 42. Ra7+ Bb7 43. Ra1 Kd8 44. Re1 1-0

[Event "GER T225-E81-S email"]
[Site "GER email"]
[Date "2015.12.13"]
[Round "?"]
[White "Bachmann, Bernd"]
[Black "Fritsche, Frank"]
[Result "1/2-1/2"]
[WhiteElo "2030"]
[BlackElo "2172"]
[PlyCount "65"]
[EventDate "2015.12.18"]
[EventType "tourn (corr)"]
[EventRounds "8"]
[EventCountry "GER"]
[SourceTitle "Corr 2020"]
[Source "ChessBase"]
[SourceDate "2019.09.30"]
[SourceVersion "1"]
[SourceVersionDate "2019.09.30"]
[SourceQuality "1"]

1. d4 Nf6 2. c4 g6 3. Nc3 Bg7 4. e4 d6 5. Nf3 0-0 6. Be3 c5 7. d5 e6 8. Be2 exd5 9. cxd5 Bg4 10. h3 Bxf3 11. Bxf3 Nbd7 12. 0-0 Re8 13. Qc2 Qe7 14. Rfe1 a6 15. a4 c4 16. a5 Ne5 17. Be2 Nd3 18. Bxd3 cxd3 19. Qxd3 Nxe4 20. Bb6 Nc5 21. Rxe7 Nxd3 22. Rxb7 Nxb2 23. Na4 Nd3 24. Rd1 Nf4 25. Be3 Ne2+ 26. Kh2 Re4 27. Nb6 Rae8 28. g3 Bd4 29. Bxd4 Nxd4 30. Kg2 Nb5 31. Nd7 R8e7 32. Rxb5 axb5 33. Nf6+ 1/2-1/2

[Event "GER T224-C43-S email"]
[Site "GER email"]
[Date "2015.09.12"]
[Round "?"]
[White "Bachmann, Bernd"]
[Black "Fritsche, Frank"]
[Result "1/2-1/2"]
[WhiteElo "2030"]
[BlackElo "2170"]
[PlyCount "59"]
[EventDate "2015.09.18"]
[EventType "tourn (corr)"]
[EventRounds "8"]
[EventCountry "GER"]
[SourceTitle "Corr 2020"]
[Source "ChessBase"]
[SourceDate "2019.09.30"]
[SourceVersion "1"]
[SourceVersionDate "2019.09.30"]
[SourceQuality "1"]

1. e4 e5 2. Nf3 Nf6 3. d4 Nxe4 4. Bd3 d5 5. Nxe5 Nd7 6. Nxd7 Bxd7 7. 0-0 Qh4 8. c4 0-0-0 9. Nc3 Nxc3 10. bxc3 dxc4 11. Bxc4 Bd6 12. g3 Qf6 13. Qb3 h5 14. h4 Bc6 15. Bxf7 Kb8 16. d5 Qxf7 17. dxc6 Qxb3 18. axb3 Be5 19. Be3 b6 20. Rad1 Bxc3 21. Bf4 b5 22. Kg2 Kc8 23. Ra1 Bxa1 24. Rxa1 Kb8 25. Be3 Rd3 26. b4 a6 27. Rxa6 Rb3 28. Ba7+ Kc8 29. Bc5 Kb8 30. Ba7+ 1/2-1/2

[Event "GER T224-C43-S email"]
[Site "GER email"]
[Date "2015.09.12"]
[Round "?"]
[White "Bachmann, Bernd"]
[Black "Offenborn, Heinz"]
[Result "1/2-1/2"]
[WhiteElo "2030"]
[BlackElo "2098"]
[PlyCount "69"]
[EventDate "2015.09.18"]
[EventType "tourn (corr)"]
[EventRounds "8"]
[EventCountry "GER"]
[SourceTitle "Corr 2020"]
[Source "ChessBase"]
[SourceDate "2019.09.30"]
[SourceVersion "1"]
[SourceVersionDate "2019.09.30"]
[SourceQuality "1"]

1. e4 e5 2. Nf3 Nf6 3. d4 Nxe4 4. Bd3 d5 5. Nxe5 Nd7 6. Nxd7 Bxd7 7. 0-0 Qh4 8. c4 0-0-0 9. Nc3 Nxc3 10. bxc3 dxc4 11. Bxc4 Bd6 12. g3 Qf6 13. Qb3 c6 14. Rb1 b6 15. Ba6+ Kb8 16. c4 Bc7 17. c5 Be6 18. Qa4 Qxd4 19. Qa3 Bh3 20. Be3 Qd5 21. f3 Bxf1 22. cxb6 axb6 23. Bxb6 Bd6 24. Qa4 Bb5 25. Bxb5 Bc5+ 26. Bxc5 Qxc5+ 27. Kf1 Kc7 28. Bxc6 Rb8 29. Bb5 g5 30. Qa5+ Kd6 31. Qe1 Rxb5 32. Rd1+ Kc6 33. Rc1 Qxc1 34. Qxc1+ Rc5 35. Qd1 1/2-1/2

[Event "GER T224-C43-S email"]
[Site "GER email"]
[Date "2015.09.12"]
[Round "?"]
[White "Bachmann, Bernd"]
[Black "Rohde, Friedhelm"]
[Result "1/2-1/2"]
[WhiteElo "2030"]
[BlackElo "2117"]
[PlyCount "69"]
[EventDate "2015.09.18"]
[EventType "tourn (corr)"]
[EventRounds "8"]
[EventCountry "GER"]
[SourceTitle "Corr 2020"]
[Source "ChessBase"]
[SourceDate "2019.09.30"]
[SourceVersion "1"]
[SourceVersionDate "2019.09.30"]
[SourceQuality "1"]

1. e4 e5 2. Nf3 Nf6 3. d4 Nxe4 4. Bd3 d5 5. Nxe5 Nd7 6. Nxd7 Bxd7 7. 0-0 Qh4 8. c4 0-0-0 9. Nc3 Nxc3 10. bxc3 dxc4 11. Bxc4 Bd6 12. g3 Qf6 13. Rb1 b6 14. Bd5 Qf5 15. Qb3 Be6 16. Bxe6+ Qxe6 17. Qxe6+ fxe6 18. f4 Rhf8 19. Kg2 Rf5 20. Rf2 Ra5 21. Be3 Ra4 22. Kf3 Rf8 23. Ke4 Rf5 24. Rd2 a6 25. Kd3 b5 26. Rc1 Kd7 27. c4 Rh5 28. h4 Rf5 29. Re2 g6 30. Rcc2 c6 31. Rc1 Ba3 32. Rcc2 Be7 33. Rc1 Rf8 34. Rf2 Rc8 35. Re2 1/2-1/2

[Event "SM-2015-0-00314"]
[Site "LSS email"]
[Date "2015.01.03"]
[Round "?"]
[White "Ortiz, Manuel"]
[Black "Bachmann, Bernd"]
[Result "1-0"]
[WhiteElo "2184"]
[BlackElo "2296"]
[PlyCount "63"]
[EventDate "2014.12.03"]
[EventType "tourn (corr)"]
[EventRounds "6"]
[EventCountry "GER"]
[SourceTitle "Corr 2022"]
[Source "ChessBase"]
[SourceDate "2021.10.24"]
[SourceVersion "1"]
[SourceVersionDate "2021.10.24"]
[SourceQuality "1"]

1. e4 c5 2. Nf3 d6 3. d4 cxd4 4. Nxd4 Nf6 5. Nc3 a6 6. Be3 e5 7. Nb3 Be6 8. Be2 Be7 9. Nd5 Nxd5 10. exd5 Bf5 11. Qd2 0-0 12. 0-0 a5 13. f4 f6 14. a4 Nd7 15. Bb5 Be4 16. c4 exf4 17. Bxf4 b6 18. Bxd7 Qxd7 19. Nd4 Rf7 20. b3 f5 21. Rae1 Re8 22. Nb5 Rff8 23. Re2 Qd8 24. Rfe1 Bh4 25. Rd1 Be7 26. Qe3 Rf7 27. Rde1 h6 28. Qh3 Rff8 29. Qh5 Rf7 30. Re3 Bf8 31. Rf1 Qf6 32. Rg3 1-0

[Event "SM-2015-0-00314"]
[Site "LSS email"]
[Date "2015.01.02"]
[Round "?"]
[White "Bachmann, Bernd"]
[Black "Pascual Perez, Norge"]
[Result "1/2-1/2"]
[WhiteElo "2296"]
[BlackElo "2389"]
[PlyCount "52"]
[EventDate "2014.12.03"]
[EventType "tourn (corr)"]
[EventRounds "6"]
[EventCountry "GER"]
[SourceTitle "Corr 2022"]
[Source "ChessBase"]
[SourceDate "2021.10.24"]
[SourceVersion "1"]
[SourceVersionDate "2021.10.24"]
[SourceQuality "1"]

1. e4 c5 2. Nf3 d6 3. d4 cxd4 4. Nxd4 Nf6 5. Nc3 a6 6. Be3 e5 7. Nb3 Be6 8. Be2 Be7 9. 0-0 Nbd7 10. f4 exf4 11. Rxf4 0-0 12. Nd4 Ne5 13. Qd2 Qd7 14. a3 Rac8 15. Rd1 Nfg4 16. Nf5 Nxe3 17. Qxe3 Rc6 18. Kh1 g6 19. Nxe7+ Qxe7 20. Rff1 Rfc8 21. Rd4 Kg7 22. Rfd1 Rd8 23. Qd2 Qc7 24. Rc1 Qa5 25. Ra4 Qc5 26. Rd4 Qb6 1/2-1/2

[Event "SM-2015-0-00314"]
[Site "LSS email"]
[Date "2015.01.02"]
[Round "?"]
[White "Geiger, Walter"]
[Black "Bachmann, Bernd"]
[Result "1-0"]
[WhiteElo "2243"]
[BlackElo "2296"]
[PlyCount "53"]
[EventDate "2014.12.03"]
[EventType "tourn (corr)"]
[EventRounds "6"]
[EventCountry "GER"]
[SourceTitle "Corr 2022"]
[Source "ChessBase"]
[SourceDate "2021.10.24"]
[SourceVersion "1"]
[SourceVersionDate "2021.10.24"]
[SourceQuality "1"]

1. e4 c5 2. Nf3 d6 3. d4 cxd4 4. Nxd4 Nc6 5. Nc3 g6 6. Be3 Bg7 7. Qd2 Nf6 8. f3 0-0 9. 0-0-0 Nxd4 10. Bxd4 Be6 11. Kb1 Rc8 12. g4 Nd7 13. Bxg7 Kxg7 14. Nd5 f6 15. h4 Ne5 16. Be2 Qd7 17. Rde1 b6 18. a3 Nc4 19. Bxc4 Rxc4 20. g5 Bxd5 21. exd5 fxg5 22. hxg5 Rf7 23. b3 Rc8 24. Re6 Kg8 25. f4 Qc7 26. f5 Qc3 27. Qh2 1-0

[Event "SM-2015-0-00314"]
[Site "LSS email"]
[Date "2015.01.02"]
[Round "?"]
[White "Markus, Roland"]
[Black "Bachmann, Bernd"]
[Result "1/2-1/2"]
[WhiteElo "2403"]
[BlackElo "2296"]
[PlyCount "58"]
[EventDate "2014.12.03"]
[EventType "tourn (corr)"]
[EventRounds "6"]
[EventCountry "GER"]
[SourceTitle "Corr 2022"]
[Source "ChessBase"]
[SourceDate "2021.10.24"]
[SourceVersion "1"]
[SourceVersionDate "2021.10.24"]
[SourceQuality "1"]

1. e4 c5 2. Nf3 d6 3. d4 cxd4 4. Nxd4 Nf6 5. Nc3 a6 6. Be3 e5 7. Nb3 Be7 8. h3 0-0 9. g4 Be6 10. g5 Nfd7 11. h4 a5 12. a3 Nc6 13. Nd5 a4 14. Nd2 Nc5 15. Bb5 Na7 16. Bc4 b5 17. Ba2 Nc6 18. Qe2 b4 19. Bc4 bxa3 20. bxa3 Rb8 21. 0-0 Rc8 22. Rab1 Kh8 23. f3 f6 24. Qg2 Na5 25. Bb5 Nc6 26. Be2 Bf7 27. Bb5 Bg8 28. c3 Na5 29. Rb4 Nc6 1/2-1/2

[Event "GER T185-C57-S email"]
[Site "GER email"]
[Date "2014.01.29"]
[Round "?"]
[White "Fritsche, Frank"]
[Black "Bachmann, Bernd"]
[Result "1/2-1/2"]
[WhiteElo "2172"]
[BlackElo "2038"]
[PlyCount "77"]
[EventDate "2014.02.03"]
[EventType "tourn (corr)"]
[EventRounds "8"]
[EventCountry "GER"]
[SourceTitle "Corr 2015"]
[Source "ChessBase"]
[SourceDate "2015.07.17"]
[SourceVersion "1"]
[SourceVersionDate "2015.07.17"]
[SourceQuality "1"]

1. e4 e5 2. Nf3 Nc6 3. Bc4 Nf6 4. Ng5 Bc5 5. Bxf7+ Ke7 6. Bd5 Rf8 7. 0-0 d6 8. c3 Bg4 9. Nf3 Qe8 10. Bxc6 bxc6 11. d4 exd4 12. cxd4 Bb6 13. e5 Ne4 14. exd6+ Kd8 15. Re1 Bxf3 16. Bg5+ Nxg5 17. Rxe8+ Rxe8 18. Qd2 Ne4 19. dxc7+ Kxc7 20. Qf4+ Nd6 21. gxf3 Re1+ 22. Kg2 Rae8 23. d5 g6 24. Qf6 cxd5 25. b3 Kd7 26. Nd2 R1e2 27. Nf1 R8e6 28. Qh8 Rxf2+ 29. Kh1 Rxf3 30. a4 Rf4 31. Rc1 h5 32. Qg7+ Re7 33. Qc3 Rg4 34. Ng3 Re3 35. Qc6+ Ke6 36. Rd1 d4 37. Nf1 Re2 38. Nd2 Ke7 39. Qd5 1/2-1/2

[Event "GER HS-154 email"]
[Site "GER email"]
[Date "2013.10.27"]
[Round "?"]
[White "Bachmann, Bernd"]
[Black "Braesel, Walter"]
[Result "1-0"]
[WhiteElo "2038"]
[BlackElo "1937"]
[PlyCount "113"]
[EventDate "2013.11.04"]
[EventType "tourn (corr)"]
[EventRounds "6"]
[EventCountry "GER"]
[SourceTitle "Corr 2015"]
[Source "ChessBase"]
[SourceDate "2015.07.17"]
[SourceVersion "1"]
[SourceVersionDate "2015.07.17"]
[SourceQuality "1"]

1. d4 d5 2. c4 c6 3. Nf3 e6 4. Qc2 Bd6 5. Bg5 f6 6. Bh4 Ne7 7. e3 0-0 8. Nc3 b6 9. Bg3 f5 10. Rc1 a5 11. a3 Ra7 12. Be2 Rf6 13. Ne5 Ba6 14. cxd5 exd5 15. Bxa6 Nxa6 16. 0-0 Bxe5 17. Bxe5 Rf7 18. Ne2 Nc7 19. Nf4 Ne8 20. Nd3 Nd6 21. Bf4 h6 22. Ne5 Rf6 23. Nxc6 Nxc6 24. Qxc6 Nc4 25. Qb5 Qd7 26. Qxd7 Rxd7 27. b3 Nd2 28. Rc8+ Kh7 29. Rfc1 Nxb3 30. R1c2 a4 31. Ra8 Na5 32. Rcc8 Rff7 33. h4 Kg6 34. Ra6 Nc4 35. Rc6+ Kh5 36. Ra8 g5 37. Be5 Rh7 38. Rxa4 Kxh4 39. Kh2 Kh5 40. Rb4 Rde7 41. Kg3 Nxe5 42. dxe5 Rxe5 43. Rd6 Re4 44. Rbxb6 f4+ 45. exf4 gxf4+ 46. Kh2 Rd4 47. Rb4 Rxb4 48. axb4 Rb7 49. Rxd5+ Kg4 50. f3+ Kh4 51. Rd4 Kg5 52. Rc4 Rb6 53. Kh3 Kf5 54. Rc5+ Ke6 55. b5 Kd7 56. Rh5 Rg6 57. Rf5 1-0

[Event "GER HS-154 email"]
[Site "GER email"]
[Date "2013.10.27"]
[Round "?"]
[White "Tassone, Raffaele"]
[Black "Bachmann, Bernd"]
[Result "1/2-1/2"]
[WhiteElo "2002"]
[BlackElo "2038"]
[PlyCount "59"]
[EventDate "2013.11.04"]
[EventType "tourn (corr)"]
[EventRounds "6"]
[EventCountry "GER"]
[SourceTitle "Corr 2015"]
[Source "ChessBase"]
[SourceDate "2015.07.17"]
[SourceVersion "1"]
[SourceVersionDate "2015.07.17"]
[SourceQuality "1"]

1. d4 d5 2. c4 dxc4 3. Nf3 Nf6 4. e3 Bf5 5. Bxc4 e6 6. 0-0 Bd6 7. Nc3 0-0 8. Re1 Ne4 9. Bd3 Nxc3 10. bxc3 Bxd3 11. Qxd3 c5 12. Rb1 b6 13. Bb2 Qc7 14. c4 Nd7 15. d5 exd5 16. Qxd5 Rad8 17. Rbd1 Nb8 18. Qe4 f6 19. Rd5 Rfe8 20. Qc2 Nc6 21. Bc3 Qf7 22. Red1 Qe6 23. Qa4 Bc7 24. h3 a5 25. a3 Kf8 26. Be1 Ne7 27. Rd7 Rxd7 28. Rxd7 Bd6 29. Qb5 Rc8 30. Bc3 1/2-1/2

[Event "GER T174-C89-S email"]
[Site "GER email"]
[Date "2013.06.18"]
[Round "?"]
[White "Petzold, Gunter"]
[Black "Bachmann, Bernd"]
[Result "0-1"]
[WhiteElo "1780"]
[BlackElo "2068"]
[PlyCount "46"]
[EventDate "2013.06.24"]
[EventType "tourn (corr)"]
[EventRounds "8"]
[EventCountry "GER"]
[SourceTitle "Corr 2015"]
[Source "ChessBase"]
[SourceDate "2015.07.17"]
[SourceVersion "1"]
[SourceVersionDate "2015.07.17"]
[SourceQuality "1"]

1. e4 e5 2. Nf3 Nc6 3. Bb5 a6 4. Ba4 Nf6 5. 0-0 Be7 6. Re1 b5 7. Bb3 0-0 8. c3 d5 9. exd5 Nxd5 10. Nxe5 Nxe5 11. Rxe5 c6 12. d4 Bd6 13. Re1 Qh4 14. g3 Qh3 15. Re4 g5 16. Qe1 Bf5 17. Nd2 h6 18. Bxd5 cxd5 19. Re3 Qh5 20. a4 bxa4 21. Rxa4 Bd7 22. Ra1 Rfe8 23. b3 Bf4 0-1

[Event "GER-ch 2013-C-V5 serv"]
[Site "GER email"]
[Date "2013.06.17"]
[Round "?"]
[White "Bachmann, Bernd"]
[Black "Tacke, Hubert"]
[Result "1-0"]
[WhiteElo "2068"]
[BlackElo "1892"]
[PlyCount "87"]
[EventDate "2013.06.20"]
[EventType "tourn (corr)"]
[EventRounds "6"]
[EventCountry "GER"]
[SourceTitle "Corr 2015"]
[Source "ChessBase"]
[SourceDate "2015.07.17"]
[SourceVersion "1"]
[SourceVersionDate "2015.07.17"]
[SourceQuality "1"]

1. d4 Nf6 2. c4 g6 3. Nc3 d5 4. Qb3 dxc4 5. Qxc4 Bg7 6. e4 0-0 7. Nf3 a6 8. e5 Nfd7 9. Be2 Nc6 10. 0-0 Nb6 11. Qc5 Bf5 12. Be3 e6 13. h3 Re8 14. Qa3 h6 15. Rfe1 g5 16. Qb3 Qe7 17. a3 Red8 18. Rac1 Bg6 19. Red1 Rab8 20. Rd2 Rd7 21. Na4 Nxa4 22. Rxc6 Be4 23. Rc1 b5 24. Rdd1 Rbd8 25. Re1 f5 26. exf6 Bxf6 27. Ne5 Bxe5 28. dxe5 c5 29. Qa2 c4 30. b3 cxb3 31. Qxb3 Bd5 32. Qb1 Qh7 33. Bd3 Qg7 34. Be4 Bxe4 35. Qxe4 Nb2 36. Rc6 Qh7 37. Qg4 Qf5 38. Rxe6 Qxg4 39. hxg4 Nd3 40. Rf1 Rd5 41. f4 gxf4 42. Bxf4 Rf8 43. g3 Nxf4 44. gxf4 1-0

[Event "GER T155-B30-S email"]
[Site "GER email"]
[Date "2012.11.16"]
[Round "?"]
[White "Schelberg, Martin"]
[Black "Bachmann, Bernd"]
[Result "0-1"]
[WhiteElo "1453"]
[BlackElo "2127"]
[PlyCount "62"]
[EventDate "2012.11.23"]
[EventType "tourn (corr)"]
[EventRounds "8"]
[EventCountry "GER"]
[SourceTitle "Corr 2015"]
[Source "ChessBase"]
[SourceDate "2015.07.17"]
[SourceVersion "1"]
[SourceVersionDate "2015.07.17"]
[SourceQuality "1"]

1. e4 c5 2. Nf3 Nc6 3. Nc3 d6 4. d3 g6 5. Be2 Bg7 6. 0-0 Nf6 7. h3 0-0 8. Be3 e5 9. a4 b6 10. Nh2 d5 11. exd5 Nxd5 12. Nxd5 Qxd5 13. Bf3 Qd6 14. Qe2 Be6 15. Ng4 Rae8 16. Nh6+ Kh8 17. c3 Na5 18. Rab1 Ba2 19. Rbd1 Bb3 20. Qd2 Bxd1 21. Rxd1 Rd8 22. Qe1 Qd7 23. Ra1 c4 24. Rd1 cxd3 25. Be4 f5 26. Rxd3 Qe7 27. Rxd8 Qxd8 28. b4 Nc4 29. Bc6 Nxe3 30. Qxe3 Qd1+ 31. Kh2 f4 0-1